000 00518nmm a2200193Ia 4500
008 251105s9999||||xx |||||||||||||||||und||
020 _a9788416465910
041 _aspa
100 _aFo, Dario
245 0 _aHay un rey loco en Dinamarca
264 _a[Madrid, España] :
_bSiruela,
_c2016
300 _a130 páginas
490 _aNuevos tiempos
650 _aHistorical fiction
700 _aFo, Dario
700 1 _a Gumpert, Carlos
856 _uhttps://public.digitaliapublishing.com/a/44773
942 _cCF
999 _c65544
_d65544